Kumpulan Cerpen : (Record no. 178195)

MARC details
000 -LEADER
fixed length control field 01285pam a2200433 i 4500
001 - CONTROL NUMBER
control field vtls000765901
003 - CONTROL NUMBER IDENTIFIER
control field PNM
005 - DATE AND TIME OF LATEST TRANSACTION
control field 20200714151937.0
008 - FIXED-LENGTH DATA ELEMENTS--GENERAL INFORMATION
fixed length control field 150312s2015 my g a000 j may
015 ## - NATIONAL BIBLIOGRAPHY NUMBER
National bibliography number M15-06650
020 ## - INTERNATIONAL STANDARD BOOK NUMBER
International Standard Book Number 9789670869285
Qualifying information paperback
Terms of availability RM25.00
039 #9 - LEVEL OF BIBLIOGRAPHIC CONTROL AND CODING DETAIL [OBSOLETE]
Level of rules in bibliographic description 201508191034
Level of effort used to assign nonsubject heading access points anis_o
Level of effort used to assign subject headings 201508181615
Level of effort used to assign classification marsila
Level of effort used to assign subject headings 201507301051
Level of effort used to assign classification aznah
Level of effort used to assign subject headings 201507301048
Level of effort used to assign classification aznah
040 ## - CATALOGING SOURCE
Original cataloging agency BNM
Language of cataloging eng
Transcribing agency BNM
Modifying agency PNM
-- PPAK
Description conventions rda
049 ## - LOCAL HOLDINGS (OCLC)
Holding library klpmal
082 04 - DEWEY DECIMAL CLASSIFICATION NUMBER
Classification number 899.233010803
Edition number 23
090 00 - LOCALLY ASSIGNED LC-TYPE CALL NUMBER (OCLC); LOCAL CALL NUMBER (RLIN)
Classification number (OCLC) (R) ; Classification number, CALL (RLIN) (NR) 899.233010803
Feature heading TIR
Feature heading G
100 0# - MAIN ENTRY--PERSONAL NAME
Personal name Tiras Raduan,
Relator term author.
Fuller form of name Siti Salbiah Raduan
245 10 - TITLE STATEMENT
Title Kumpulan Cerpen :
Remainder of title Segara Lazuardi /
Statement of responsibility, etc. Tiras Raduan
264 #1 - PRODUCTION, PUBLICATION, DISTRIBUTION, MANUFACTURE, AND COPYRIGHT NOTICE
Place of production, publication, distribution, manufacture Kuala Lumpur :
Name of producer, publisher, distributor, manufacturer Institut Terjemahan & Buku Malaysia,
Date of production, publication, distribution, manufacture, or copyright notice 2015
300 ## - PHYSICAL DESCRIPTION
Extent x, 156 pages ;
Dimensions 19 cm
336 ## - CONTENT TYPE
Content type term text
Source rdacontent
337 ## - MEDIA TYPE
Media type term unmediated
Source rdamedia
338 ## - CARRIER TYPE
Carrier type term volume
Source rdacarrier
650 10 - SUBJECT ADDED ENTRY--TOPICAL TERM
Topical term or geographic name entry element Short stories, Malay
Topical term or geographic name entry element Malaysian fiction (Malay)
942 ## - ADDED ENTRY ELEMENTS (KOHA)
Source of classification or shelving scheme Dewey Decimal Classification
Koha item type Book
949 ## - LOCAL PROCESSING INFORMATION (OCLC)
6 2000473819
a TIR M
6 2000473810
a TIR M
6 1001316193
6 1001316194
6 1001316195
6 1001316196
6 1001316197
6 1001316198
6 1001316199
6 1001316200
6 1001316201
6 1001316202
Holdings
Withdrawn Not for loan Current library Shelving location Date acquired Full call number Barcode Date last seen Koha item type
    Perpustakaan Langkawi Pinjaman Dewasa 28/07/2020 899.233010803 TIR A00739108 28/07/2020 Book